Mein Weltbild
Αποθηκεύτηκε σε:
| Κύριος συγγραφέας: | |
|---|---|
| Μορφή: | Βιβλίο |
| Γλώσσα: | German |
| Δημοσίευση: |
West - Berlin :
Seelig, Carl,
1965
|
| Σειρά: | Ullstein Buch ;
; 65 |
| Θέματα: | |
| Ετικέτες: |
Προσθήκη ετικέτας
Δεν υπάρχουν, Καταχωρήστε ετικέτα πρώτοι!
|
MARC
| LEADER | 00000cam a2200000 i 4500 | ||
|---|---|---|---|
| 001 | 1/34879 | ||
| 008 | 060926s1965 ger d | ||
| 035 | |l 10085355 | ||
| 040 | |a GR-MY-UA |b gre |e aacr | ||
| 041 | 0 | |a ger | |
| 082 | 0 | |a 300.1 |2 (22) | |
| 100 | 1 | |a Einstein, Albert, |d 1879-1955. | |
| 245 | 1 | 0 | |a Mein Weltbild / |c Albert Einstein |
| 260 | |a West - Berlin : |b Seelig, Carl, |c 1965 | ||
| 300 | |a 208 σ.; |c 18 εκ. | ||
| 490 | 1 | |a Ullstein Buch |v ; 65 | |
| 650 | 0 | 0 | |a Philosophy and society. |
| 650 | 0 | 0 | |a Science and civilization. |
| 650 | 0 | 0 | |a Jews. |
| 650 | 0 | 0 | |a Physics. |
| 830 | 0 | |a Ullstein Buch ; |v ; 65 | |
| 852 | |a INST |b CHIOS |e 20060926 |h 300.1 EIN |p 005200027137 |q 005200027137 |t BK |y 0 | ||
| 901 | |a BIBL2-2006-2 | ||
| 909 | |a Χ |b 016307 | ||
| 970 | |a ΒΑΣΙΛΑΚΗ |b ΝΙΚΗ |z 2006/09/26 | ||